| 000 | 00362nam a22001337a 4500 | ||
|---|---|---|---|
| 082 |
_a624 _bSEE _cL-21, P-11 |
||
| 100 | _aSeelye, Elwyn E | ||
| 245 |
_aField prctice / _cElwyn E, Seelye |
||
| 260 |
_aNew York : _bJohn Wiley & Sons Inc. _cc1947. |
||
| 300 | _axiv, 304 p. : | ||
| 526 |
_a0 _b0 _c0 _d624_000000000000000_SEE |
||
| 650 |
_aMCE _9379 |
||
| 942 |
_2ddc _cBK |
||
| 999 |
_c546266 _d546266 |
||